Superbowl Coaches - Statistics

General Stats
  • This quiz has been taken 85 times
  • The average score is 50 of 79
Answer Stats
SB Team Winning Coach Team % Correct
XXXVI NEP Bill Belichick STL
98%
XXXVIII NEP Bill Belichick CAR
98%
XXXIX NEP Bill Belichick PHI
98%
XLIX NEP Bill Belichick SEA
98%
LI NEP Bill Belichick ATL
98%
LIII NEP Bill Belichick LAR
98%
LIV KAN Andy Reid SFF
96%
m SFF Kyle Shanahan f
90%
XXXII DEN Mike Shanahan GBP
90%
XXXIII DEN Mike Shanahan ATL
90%
XLVIII SEA Pete Carroll DEN
90%
XLIII PIT Mike Tomlin ARI
88%
n SFF Jim Harbaugh f
85%
XLVII BAL John Harbaugh SFF
85%
I GBP Vince Lombardi KAN
85%
VII MIA Don Shula WAS
81%
VIII MIA Don Shula MIN
81%
XXVII DAL Jimmy Johnson BUF
81%
XXVIII DAL Jimmy Johnson BUF
81%
XI OAK John Madden MIN
79%
XLIV NOS Sean Payton IND
79%
LVI LAR Sean McVay CIN
77%
LII PHI Doug Pederson NEP
75%
VI DAL Tom Landry MIA
75%
XII DAL Tom Landry DEN
75%
XL PIT Bill Cowher SEA
73%
LV TBB Bruce Arians KAN
73%
XLV GBP Mike McCarthy PIT
73%
XLII NYG Tom Coughlin NEP
71%
XLVI NYG Tom Coughlin NEP
71%
XLI IND Tony Dungy CHI
71%
XVI SFF Bill Walsh CIN
69%
XXIII SFF Bill Walsh CIN
69%
IX PIT Chuck Noll MIN
69%
X PIT Chuck Noll DAL
69%
XIII PIT Chuck Noll DAL
69%
XIV PIT Chuck Noll LAR
69%
XXXVII TBB Jon Gruden OAK
69%
XX CHI Mike Ditka NEP
69%
XXI NYG Bill Parcells DEN
65%
XXV NYG Bill Parcells BUF
65%
XVII WAS Joe Gibbs MIA
65%
XXII WAS Joe Gibbs DEN
65%
XXVI WAS Joe Gibbs BUF
65%
XXXIV STL Dick Vermeil TEN
63%
m CHI Lovie Smith f
63%
m CAR Ron Rivera f
63%
m BUF Marv Levy ff
62%
XXXI GBP Mike Holmgren NEP
62%
XXX DAL Barry Switzer PIT
60%
50 DEN Gary Kubiak CAR
60%
n ATL Dan Quinn ff
56%
II KAN Hank Stram OAK
56%
IV KAN Hank Stram MIN
56%
XV OAK Tom Flores PHI
56%
XVIII LAR Tom Flores WAS
56%
m CIN Zac Taylor f
56%
j MIN Bud Grant f
54%
n DEN Dan Reeves f
54%
XXIV SFF George Seifert DEN
52%
XXIX SFF George Seifert SDC
52%
III NYJ Weeb Ewbank MIA
52%
XXXV BAL Brian Billick NYG
50%
b TEN Jeff Fisher df
48%
b CAR John Fox f
44%
k CIN Sam Wyche f
40%
n WAS George Allen f
33%
m NYG Jim Fassel f
33%
k CIN Forrest Gregg f
31%
k STL Mike Martz f
31%
m IND Jim Caldwell f
29%
k OAK Bill Callahan f
25%
m ARI Ken Whisenhunt f
25%
k NEP Raymond Berry f
25%
n SDC Bobby Ross f
23%
V BAL Don McCafferty DAL
21%
j DEN Red Miller f
21%
j OAK John Rauch f
13%
k LAR Ray Malavasi f
13%
No matching quizzes found
Score Distribution
Percent of People with Each Score
Percentile by Number Answered
Your Score History
You have not taken this quiz